Szlovákia szocialista iparosításáért /

Hlavní autor: Široký, Viliam, 1902-1971
Jazyk: Maďarština
Vydáno: Bratislava : Pravda, 1952
Vydání: 1. kiad.
Fyzický popis: 120 s. ; 8°
Knihy
Uloženo v:
LEADER 00636nam a22002052a 4500
001 001086253
003 CZ BrMZK
005 20100622110016.0
007 ta
008 100209s1952 xo er|||||||||||hun d
040 |a ABA001  |b cze  |c ABA001  |d BOA001 
100 1 |a Široký, Viliam,  |d 1902-1971  |7 jn99240001639  |4 aut 
245 1 0 |a Szlovákia szocialista iparosításáért /  |c Viliam Široký 
250 |a 1. kiad. 
260 |a Bratislava :  |b Pravda,  |c 1952 
300 |a 120 s. ;  |c 8° 
910 |a BOA001  |b 1-0296.218 
990 |a BK 
991 |b 201002 
996 7 |b 2619383080  |c 1-0296.218  |l MZK  |r Sklad / do 1 hodiny  |n 0  |w 001109552  |u 000010  |a 1  |e BOA001  |j MZK50  |s A